Countries Producing the Most Pineapples (2016) - Statistics

General Stats
  • This quiz has been taken 1,320 times
  • The average score is 13 of 20
Answer Stats
1000 tonnes country % Correct
2695 Brazil
94%
1551 China
92%
1964 India
92%
876 Mexico
90%
1396 Indonesia
89%
756 Colombia
81%
1812 Thailand
80%
555 Vietnam
78%
461 Peru
76%
453 Venezuela
74%
392 Malaysia
73%
2612 Philippines
72%
1591 Nigeria
52%
2931 Costa Rica
49%
662 Ghana
47%
527 Taiwan
36%
419 Tanzania
35%
333 Cameroon
34%
644 Angola
32%
376 Dominican Republic
25%
No matching quizzes found
Score Distribution
Percent of People with Each Score
Percentile by Number Answered
Your Score History
You have not taken this quiz